[Event "EU-chT (Men)"]
[Site "Batumi"]
[Date "1999.12.04"]
[Round "6.4"]
[White "Malaniuk, Vladimir P"]
[Black "Psakhis, Lev"]
[Result "1/2-1/2"]
[WhiteElo "2525"]
[BlackElo "2581"]
[PlyCount "62"]
[EventDate "1999.11.06"]
[Source "ChessBase"]
[SourceDate "2000.02.01"]

1. d4 e6 2. Nf3 Nf6 3. e3 c5 4. Bd3 Nc6 5. O-O d5 6. b3 Bd6 7. Bb2 O-O 8. a3 Qc7 9. Nbd2 cxd4 10. exd4 e5 11. dxe5 Nxe5 12. Nxe5 Bxe5 13. Bxe5 Qxe5 14. Re1 Qf4 15. Nf3 Bg4 16. Qd2 Qxd2 17. Nxd2 Rfe8 18. h3 Bd7 19. Kf1 Kf8 20. Nf3 Ne4 21. Nd4 g6 22. a4 Re7 23. f3 Nc5 24. Rad1 Rae8 25. Rxe7 Kxe7 26. Kf2 Kd6 27. Bb5 a6 28. Bf1 a5 29. h4 Bc6 30. g3 Ne6 31. Ne2 Ke5 1/2-1/2

[Event "Belgium"]
[Site "?"]
[Date "2006.11.05"]
[Round "3"]
[White "Winants Luc"]
[Black "Rowson Jonathan"]
[Result "1/2-1/2"]
[WhiteElo "2517"]
[BlackElo "2588"]
[PlyCount "55"]
[EventDate "2006.??.??"]
[Source "www.chesslib.no"]
[SourceDate "2004.05.04"]

1. d4 Nf6 2. Nf3 e6 3. e3 c5 4. Bd3 Nc6 5. O-O d5 6. b3 Qc7 7. c4 cxd4 8. exd4 Be7 9. Nc3 O-O 10. Bb2 Rd8 11. Qe2 Nb4 12. Bb1 b6 13. Nb5 Qb7 14. Rd1 Bd7 15. Nc3 Rac8 16. a3 Nc6 17. cxd5 exd5 18. Bd3 Bg4 19. Ba6 Bxf3 20. Bxb7 Bxe2 21. Nxe2 Rc7 22. Ba6 Na5 23. Rac1 Rxc1 24. Rxc1 Nxb3 25. Rc7 Rd7 26. Rc8+ Rd8 27. Rc7 Rd7 28. Rc8+ 1/2-1/2

[Event "HUN-GER Match"]
[Site "Budapest"]
[Date "2004.09.18"]
[Round "3"]
[White "Horvath, Csaba"]
[Black "Bischoff, Klaus"]
[Result "1/2-1/2"]
[WhiteElo "2546"]
[BlackElo "2559"]
[PlyCount "34"]
[EventDate "2004.09.16"]
[Source "Roberto Alvarez"]
[SourceDate "2004.10.05"]

1. d4 e6 2. Nf3 c5 3. e3 Nf6 4. Bd3 d5 5. b3 cxd4 6. exd4 Bb4+ 7. c3 Be7 8. O-O Nc6 9. Nbd2 O-O 10. Bb2 b6 11. Qe2 Bb7 12. Rad1 Qc7 13. Rfe1 Rfd8 14. Nf1 Bf8 15. Ng3 g6 16. h4 Bg7 17. h5 Re8 1/2-1/2

[Event "I Open Casino"]
[Site "Lugano SVI"]
[Date "2007.05.01"]
[Round "5.1"]
[White "Sulava, Nenad"]
[Black "Zelcic, Robert"]
[Result "1/2-1/2"]
[WhiteElo "2549"]
[BlackElo "2554"]
[PlyCount "27"]
[EventDate "2007.04.29"]
[Source "www.chesslib.no"]
[SourceDate "2004.05.04"]

1. Nf3 Nf6 2. d4 e6 3. e3 d5 4. Bd3 c5 5. b3 Nc6 6. O-O Bd6 7. Bb2 O-O 8. Nbd2 Qe7 9. dxc5 Bxc5 10. c4 Ba3 11. Qc1 Bxb2 12. Qxb2 dxc4 13. Nxc4 b6 14. Rfd1 1/2-1/2

[Event "otb"]
[Site "otb"]
[Date "2007.05.12"]
[Round "6"]
[White "Nanu Ciprian Costica"]
[Black "Iordachescu Viorel"]
[Result "1/2-1/2"]
[WhiteElo "2509"]
[BlackElo "2587"]
[PlyCount "105"]
[Source "www.chesslib.no"]
[SourceDate "2004.05.04"]

1. d4 Nf6 2. Nf3 e6 3. e3 b6 4. Bd3 Bb7 5. O-O d5 6. Ne5 Bd6 7. Nd2 O-O 8. f4 c5 9. Qf3 Qc8 10. c3 Ba6 11. c4 Bb7 12. Qh3 cxd4 13. exd4 Ne4 14. cxd5 exd5 15. Qe3 Nf6 16. Nb1 Nc6 17. Nxc6 Bxc6 18. Nc3 Re8 19. Qg3 Qd7 20. Be3 b5 21. a3 a5 22. Rfe1 Rac8 23. Nd1 b4 24. Bd2 Qa7 25. Be3 Rc7 26. axb4 Bxb4 27. Rf1 Rce7 28. Bf2 Bd2 29. f5 Qb6 30. Qf3 Bb7 31. Kh1 h6 32. Bg1 Ba6 33. Bxa6 Qxa6 34. Nf2 Re3 35. Qd1 Re1 36. Rxe1 Rxe1 37. Qa4 Re2 38. Qb3 Be3 39. Qd3 Qxd3 40. Nxd3 Bxg1 41. Kxg1 Ng4 42. h3 Ne3 43. Nf4 Rxb2 44. Rxa5 Nxf5 45. Rxd5 g6 46. Rd7 Rd2 47. d5 Kf8 48. g4 Ke8 49. Ra7 Nh4 50. Kf1 Rd4 51. Ng2 Nxg2 52. Kxg2 Rxd5 53. Ra3 1/2-1/2

[Event "Capablanca mem-A"]
[Site "Cienfuegos"]
[Date "1996.??.??"]
[Round "11"]
[White "Conquest, Stuart"]
[Black "Wahls, Matthias"]
[Result "1/2-1/2"]
[WhiteElo "2540"]
[BlackElo "2555"]
[PlyCount "90"]
[EventDate "1996.05.??"]
[Source "ChessBase"]

1. d4 Nf6 2. Nf3 e6 3. e3 b6 4. Bd3 Bb7 5. O-O d5 6. Nbd2 Bd6 7. c4 O-O 8. b3 Nbd7 9. Qc2 c5 10. Bb2 Rc8 11. a4 Qc7 12. cxd5 exd5 13. dxc5 bxc5 14. Bf5 Rb8 15. Rac1 Rfe8 16. Rfd1 Ba8 17. h4 h6 18. Ba3 Qb7 19. Rb1 Bf8 20. Bh3 Qa6 21. Bb2 Rb6 22. Ne1 Rc6 23. Ndf3 Qb7 24. Nd3 d4 25. exd4 cxd4 26. Qd2 Ne4 27. Qa5 Nc3 28. Re1 Rxe1+ 29. Rxe1 Rg6 30. h5 Ra6 31. Qf5 Nf6 32. Nxd4 Nce4 33. Bc1 Rd6 34. Be3 Rd5 35. Ne5 Qb4 36. Ndf3 Qxb3 37. Qc8 Qb7 38. Rc1 Nd6 39. Qxb7 Bxb7 40. Rc7 Ra5 41. Nxf7 Bxf3 42. gxf3 Nd5 43. Bd2 Rxa4 44. Rd7 Nf4 45. Bxf4 Nxf7 1/2-1/2

[Event "2. GM-Tage"]
[Site "?"]
[Date "2004.02.24"]
[Round "7"]
[White "Prusikin Michael"]
[Black "Naiditsch Arkadij"]
[Result "1-0"]
[WhiteElo "2519"]
[BlackElo "2576"]
[PlyCount "107"]
[EventDate "2004.??.??"]
[Source "www.chesslib.no"]
[SourceDate "2004.05.04"]

1. d4 Nf6 2. Nf3 e6 3. e3 b6 4. Bd3 Bb7 5. O-O d5 6. Nbd2 Nbd7 7. b3 Ne4 8. c4 Bd6 9. Bb2 O-O 10. Qc2 Ndf6 11. Rad1 Qe7 12. Ne5 c5 13. cxd5 Nxd2 14. Rxd2 Rac8 15. Nc6 Bxc6 16. dxc6 Rxc6 17. Rfd1 Rfc8 18. d5 exd5 19. Bxf6 Qxf6 20. Bxh7+ Kf8 21. Bf5 R8c7 22. Rxd5 c4 23. bxc4 Rxc4 24. Qd2 Be7 25. g3 g6 26. Bd3 Bb4 27. Qe2 Rc1 28. Kg2 Qa1 29. Be4 Rxd1 30. Rxd1 Rc1 31. Rxc1 Qxc1 32. Qf3 Kg7 33. h4 Qc7 34. Qg4 Qc5 35. Qd7 a5 36. a4 Qe5 37. Bd5 Qf5 38. Qc6 Be1 39. Bf3 Qc5 40. Qe4 b5 41. axb5 Qxb5 42. Qd4+ Kf8 43. Bd1 Qc6+ 44. e4 Qc3 45. Qd5 Kg7 46. Bb3 Qf6 47. f4 Qb2+ 48. Kh3 Qc3 49. Qxf7+ Kh6 50. Qf8+ Qg7 51. Qxg7+ Kxg7 52. Bd1 Kh6 53. g4 Kg7 54. g5 1-0

[Event "A, Cienfu"]
[Site "Casablanca A, Cienfu"]
[Date "1996.??.??"]
[Round "11"]
[White "Conquest, Stuart"]
[Black "Wahls, Matthias"]
[Result "1/2-1/2"]
[WhiteElo "2540"]
[BlackElo "2555"]
[PlyCount "90"]
[EventDate "1996.??.??"]
[Source "www.chesslib.no"]
[SourceDate "2004.05.04"]

1. d4 Nf6 2. Nf3 e6 3. e3 b6 4. Bd3 Bb7 5. O-O d5 6. Nbd2 Bd6 7. c4 O-O 8. b3 Nbd7 9. Qc2 c5 10. Bb2 Rc8 11. a4 Qc7 12. cxd5 exd5 13. dxc5 bxc5 14. Bf5 Rb8 15. Rac1 Rfe8 16. Rfd1 Ba8 17. h4 h6 18. Ba3 Qb7 19. Rb1 Bf8 20. Bh3 Qa6 21. Bb2 Rb6 22. Ne1 Rc6 23. Ndf3 Qb7 24. Nd3 d4 25. exd4 cxd4 26. Qd2 Ne4 27. Qa5 Nc3 28. Re1 Rxe1+ 29. Rxe1 Rg6 30. h5 Ra6 31. Qf5 Nf6 32. Nxd4 Nce4 33. Bc1 Ng5 34. Be3 Qf3 35. Ne5 Bc6 36. Nb5 Qg4 37. Qc2 Be7 38. Qe2 Qc8 39. Rf1 Rb6 40. Qd3 Be4 41. Bc5 Qg4 42. Nc4 Ba8 43. Ne5 a5 44. Ba3 Bxa3 45. Nxa3 Nd5 1/2-1/2

[Event "Rishon Le Ziyyon"]
[Site "Rishon Le Ziyyon"]
[Date "1994.??.??"]
[Round "1"]
[White "Kosashvili, Yona"]
[Black "Gruenfeld, Yehuda"]
[Result "1/2-1/2"]
[WhiteElo "2545"]
[BlackElo "2550"]
[PlyCount "72"]
[EventDate "1994.11.??"]
[Source "ChessBase"]

1. d4 Nf6 2. Nf3 e6 3. e3 d5 4. Bd3 Be7 5. O-O O-O 6. b3 c5 7. Bb2 Nc6 8. a3 cxd4 9. exd4 Ne4 10. Re1 f5 11. Nbd2 Bd6 12. c4 Qf6 13. b4 Qh6 14. Nf1 g5 15. Ne5 Qh4 16. g3 Qh3 17. f3 Nf6 18. Qc1 f4 19. cxd5 exd5 20. Nxc6 bxc6 21. Qxc6 g4 22. Be2 Qh5 23. Qxd6 gxf3 24. Bxf3 Qxf3 25. Qxf4 Ne4 26. Qxf3 Rxf3 27. Re3 Rf7 28. Bc3 Bh3 29. Nd2 Raf8 30. g4 Ng5 31. Rae1 Rf4 32. Rg3 Bxg4 33. Ree3 h6 34. h3 Bd7 35. h4 Rxh4 36. Nf3 Rhf4 1/2-1/2

[Event "TCh-RUS"]
[Site "Togliatti"]
[Date "2003.05.22"]
[Round "7"]
[White "Gabdrakhmanov, Rafail"]
[Black "Sakaev, Konstantin"]
[Result "1/2-1/2"]
[WhiteElo "2427"]
[BlackElo "2664"]
[PlyCount "62"]
[EventDate "2003.05.16"]
[Source "Roberto Alvarez"]
[SourceDate "2003.05.26"]

1. d4 Nf6 2. Nf3 e6 3. e3 b6 4. Bd3 Bb7 5. O-O d5 6. b3 Nbd7 7. Bb2 g6 8. Qe2 Bg7 9. c4 O-O 10. cxd5 Nxd5 11. Nc3 Nxc3 12. Bxc3 c5 13. Rac1 cxd4 14. Nxd4 Nc5 15. Bc4 Qe7 16. Rfd1 Rfd8 17. a3 Rac8 18. b4 Ne4 19. Bb2 h5 20. Bb3 Rxc1 21. Rxc1 e5 22. Nf3 Kh7 23. Rd1 f6 24. h4 Rxd1+ 25. Qxd1 Bf8 26. Ba2 Qe8 27. Nd2 Nd6 28. Qb3 Be7 29. Qe6 Bc8 30. Qd5 Bb7 31. Qe6 Bc8 1/2-1/2

[Event "15. Open"]
[Site "?"]
[Date "2004.07.15"]
[Round "8"]
[White "Kurajica Bojan"]
[Black "Kovacevic Aleksandar"]
[Result "1/2-1/2"]
[WhiteElo "2540"]
[BlackElo "2551"]
[PlyCount "22"]
[EventDate "2004.??.??"]
[Source "www.chesslib.no"]
[SourceDate "2004.05.04"]

1. d4 Nf6 2. Nf3 e6 3. e3 c5 4. Bd3 d5 5. b3 Nc6 6. O-O Bd6 7. Bb2 O-O 8. a3 cxd4 9. exd4 Ne4 10. c4 f5 11. Nc3 Bd7 1/2-1/2

[Event "Europa ch 2008"]
[Site "Plovdiv BUL"]
[Date "2008.04.24"]
[Round "4.101"]
[White "Perunovic, Miodrag"]
[Black "Fedorchuk, Sergey"]
[Result "0-1"]
[WhiteElo "2420"]
[BlackElo "2671"]
[PlyCount "62"]
[EventDate "2008.04.21"]
[Source "www.chesslib.no"]
[SourceDate "2004.05.04"]

1. d4 Nf6 2. Nf3 e6 3. e3 b6 4. Bd3 Bb7 5. O-O d5 6. b3 c5 7. Bb2 Be7 8. Nbd2 Nc6 9. a3 O-O 10. Qe2 Rc8 11. c4 cxd4 12. exd4 Re8 13. Rac1 dxc4 14. bxc4 Bf8 15. Rfd1 Ne7 16. Ne5 Ng6 17. Qe3 Nxe5 18. dxe5 Nd7 19. Ne4 Bxe4 20. Bxe4 Rc7 21. Rc3 Qe7 22. Qf4 g6 23. Bc2 Rec8 24. Bb3 Nc5 25. Bc2 Rd8 26. Re1 Rcd7 27. a4 Rd4 28. Qe3 Qh4 29. Qe2 Rd2 30. Qf3 Nxa4 31. Re4 Qxe4 0-1

[Event "7th Amplico AIG Life"]
[Site "Warsaw POL"]
[Date "2007.12.16"]
[Round "11"]
[White "Kogan, Ar"]
[Black "Kravtsiv, M."]
[Result "1-0"]
[WhiteElo "2590"]
[BlackElo "2498"]
[PlyCount "80"]
[EventDate "2007.12.15"]
[Source "www.chesslib.no"]
[SourceDate "2004.05.04"]

1. d4 Nf6 2. Nf3 e6 3. e3 d5 4. Bd3 c5 5. b3 Nc6 6. Bb2 Bd6 7. Nbd2 O-O 8. O-O Qe7 9. Ne5 Nd7 10. f4 f5 11. Rf3 Nf6 12. Rh3 Bd7 13. a3 Rac8 14. Ndf3 Be8 15. Qe1 Bh5 16. Qh4 h6 17. c4 Bxf3 18. gxf3 dxc4 19. bxc4 Bxe5 20. fxe5 Nd7 21. Qh5 cxd4 22. exd4 Rfd8 23. f4 Nf8 24. d5 exd5 25. Bxf5 Rc7 26. Kh1 dxc4 27. Rg1 Qf7 28. Rxg7+ Qxg7 29. Rg3 Nd4 30. e6 c3 31. Rxg7+ Kxg7 32. Bxc3 Rd5 33. Qg4+ Kf6 34. Be4 Rxc3 35. Bxd5 Nfxe6 36. Qh4+ Kf5 37. Qe1 Rxa3 38. Qe5+ Kg4 39. Bxe6+ Nxe6 40. Qxe6+ Kf3 1-0

[Event "Tournament (computers)"]
[Site "Internet"]
[Date "2008.01.26"]
[Round "1"]
[White "Computer \"]
[Black "Computer \"]
[Result "0-1"]
[WhiteElo "2390"]
[BlackElo "2695"]
[PlyCount "76"]
[EventDate "2008.??.??"]
[Source "www.chesslib.no"]
[SourceDate "2004.05.04"]

1. d4 Nf6 2. Nf3 d5 3. e3 e6 4. Bd3 c5 5. O-O Nc6 6. b3 a6 7. a4 b6 8. Bb2 Bd6 9. Ne5 Bb7 10. f4 O-O 11. c3 Ne7 12. Nd2 Ne4 13. Bxe4 dxe4 14. Ndc4 f6 15. Nxd6 Qxd6 16. Nc4 Qc6 17. Ba3 a5 18. dxc5 Rfd8 19. Qh5 Rd5 20. Qh3 bxc5 21. Rfc1 Nf5 22. Kh1 Ba6 23. g4 Nd6 24. Nxa5 Qc7 25. b4 Be2 26. Nb3 Bf3+ 27. Kg1 Nc4 28. a5 Nxe3 29. c4 Rd3 30. Nxc5 Rd2 31. Nxe6 Qd6 32. g5 Qd3 33. g6 h5 34. Nxg7 Qe2 35. Rf1 Nxf1 36. Qe6+ Kh8 37. Qc8+ Rxc8 38. Nxh5 Qg2# 0-1

[Event "St Petersburg op"]
[Site "St Petersburg"]
[Date "1995.??.??"]
[Round "4"]
[White "Burmakin, Vladimir"]
[Black "Aseev, Konstantin N"]
[Result "1/2-1/2"]
[WhiteElo "2555"]
[BlackElo "2530"]
[PlyCount "99"]
[EventDate "1995.05.??"]
[Source "ChessBase"]

1. d4 Nf6 2. Nf3 e6 3. e3 c5 4. Bd3 d5 5. c3 Be7 6. Nbd2 O-O 7. O-O b6 8. Qe2 Bb7 9. dxc5 bxc5 10. e4 Nc6 11. e5 Nd7 12. Re1 Re8 13. Nf1 Nf8 14. Bf4 a5 15. Rad1 a4 16. c4 Nd4 17. Nxd4 cxd4 18. Ng3 dxc4 19. Bxc4 Ng6 20. Bc1 Qb6 21. Bd3 Red8 22. Rf1 Bd5 23. a3 Bb3 24. Rde1 Rac8 25. f4 Bh4 26. Bd2 Bc2 27. Bb4 Bxd3 28. Qxd3 Ne7 29. Re2 Nd5 30. Bd6 Ne3 31. Rb1 Bxg3 32. hxg3 Nf5 33. Bb4 Rc3 34. Ba5 Qc5 35. bxc3 dxc3+ 36. Re3 Qxa5 37. Qxc3 Qa7 38. Rbe1 h5 39. Kh2 Nxe3 40. Qxe3 Qxe3 41. Rxe3 Rd4 42. Rc3 Kh7 43. Rc7 Kg6 44. Ra7 h4 45. gxh4 Rxf4 46. g3 Re4 47. Kg2 Rxe5 48. Rxa4 Re3 49. Rg4+ Kh6 50. Rf4 1/2-1/2

[Event "OHRA-B"]
[Site "Amsterdam"]
[Date "1990.??.??"]
[Round "7"]
[White "Polgar, Zsuzsa"]
[Black "Psakhis, Lev"]
[Result "1/2-1/2"]
[WhiteElo "2510"]
[BlackElo "2575"]
[PlyCount "84"]
[EventDate "1990.07.??"]
[Source "ChessBase"]

1. d4 Nf6 2. Nf3 e6 3. e3 c5 4. Bd3 Nc6 5. O-O d5 6. b3 Bd6 7. Bb2 O-O 8. a3 b6 9. Ne5 Bb7 10. Nd2 Ne7 11. Qe2 Qc7 12. c4 cxd4 13. exd4 Ng6 14. f4 Rad8 15. Qe3 Ba8 16. Rac1 dxc4 17. bxc4 Qe7 18. Bb1 Qb7 19. Qh3 Rfe8 20. Rce1 b5 21. Be4 Nxe4 22. Nxe4 Bxe5 23. fxe5 bxc4 24. Bc3 Qxe4 25. Rxe4 Bxe4 26. Qg4 Bd3 27. Rc1 Ne7 28. h4 Nd5 29. Bd2 Kf8 30. h5 Rd7 31. h6 g6 32. Bb4+ Kg8 33. Qf3 Rb8 34. Kh2 Rdb7 35. Bd6 Rd8 36. Bb4 Rb5 37. Qd1 a6 38. Qa4 Ra8 39. Qd1 Rab8 40. Bd6 Ra8 41. Bb4 Rd8 42. Qa4 Ra8 1/2-1/2

[Event "XXVII Conca della Presolana"]
[Site "Castione ITA"]
[Date "2007.08.25"]
[Round "3"]
[White "Siebrecht, Sebastian"]
[Black "Tiviakov, Sergei"]
[Result "1/2-1/2"]
[WhiteElo "2431"]
[BlackElo "2648"]
[PlyCount "20"]
[EventDate "2007.08.23"]
[Source "www.chesslib.no"]
[SourceDate "2004.05.04"]

1. d4 Nf6 2. Nf3 e6 3. e3 b6 4. Bd3 Bb7 5. O-O d5 6. b3 Bd6 7. Bb2 Nbd7 8. Ne5 c5 9. f4 Ne4 10. Qg4 Bxe5 1/2-1/2

[Event "Chigorin mem"]
[Site "St Petersburg"]
[Date "1999.11.08"]
[Round "7"]
[White "Malaniuk, Vladimir P"]
[Black "Ionov, Sergey"]
[Result "1/2-1/2"]
[WhiteElo "2525"]
[BlackElo "2553"]
[PlyCount "37"]
[EventDate "1999.11.02"]
[Source "ChessBase"]
[SourceDate "2000.02.01"]

1. d4 Nf6 2. Nf3 e6 3. e3 b6 4. Bd3 Bb7 5. O-O d5 6. b3 Bd6 7. Bb2 O-O 8. Nbd2 Ne4 9. c4 Nd7 10. Qc2 Ndf6 11. Rfe1 Qe7 12. Nf1 Ng4 13. Re2 f5 14. h3 Ngf6 15. Ne5 Nd7 16. Nxd7 Qxd7 17. Rc1 c6 18. f3 Nf6 19. cxd5 1/2-1/2

[Event "Arad ROM"]
[Site "?"]
[Date "2006.05.23"]
[Round "5"]
[White "Malaniuk Vladimir P"]
[Black "Ilincic Zlatko"]
[Result "1/2-1/2"]
[WhiteElo "2539"]
[BlackElo "2536"]
[PlyCount "47"]
[EventDate "2006.??.??"]
[Source "www.chesslib.no"]
[SourceDate "2004.05.04"]

1. d4 Nf6 2. Nf3 e6 3. e3 d5 4. Bd3 c5 5. b3 Qa5+ 6. c3 Be7 7. O-O O-O 8. Bb2 cxd4 9. exd4 b5 10. Nbd2 Qb6 11. Qe2 Bd7 12. Rab1 a5 13. Ne5 Be8 14. c4 bxc4 15. bxc4 dxc4 16. Ndxc4 Qd8 17. Qf3 Nd5 18. Ne3 Nc6 19. Nxd5 exd5 20. Qh3 g6 21. Bc1 Nxe5 22. dxe5 Bd7 23. Qf3 a4 24. Bh6 1/2-1/2

[Event "Linares NL"]
[Site "Linares ESP"]
[Date "1993.??.??"]
[Round "5"]
[White "Nogueiras, Jesus"]
[Black "Spangenberg, Hugo H"]
[Result "1/2-1/2"]
[WhiteElo "2570"]
[BlackElo "2505"]
[PlyCount "100"]
[EventDate "1993.??.??"]
[Source "www.chesslib.no"]
[SourceDate "2004.05.04"]

1. d4 d5 2. Nf3 Nf6 3. e3 e6 4. Nbd2 c5 5. a3 cxd4 6. exd4 Nc6 7. Bd3 g6 8. O-O Bg7 9. Re1 O-O 10. Nf1 Qb6 11. c3 Na5 12. Rb1 Bd7 13. a4 Rfc8 14. Ne5 Be8 15. Bf4 Nc6 16. Nd2 Nh5 17. Be3 Qc7 18. Ndf3 f6 19. Ng4 Nf4 20. Bf1 h5 21. Bxf4 Qxf4 22. Ne3 Bf7 23. h4 Bh6 24. b4 Ne7 25. c4 dxc4 26. Bxc4 Nd5 27. Qb3 Rd8 28. Bf1 Rac8 29. Nxd5 exd5 30. Re7 Rc7 31. g3 Qd6 32. Rxc7 Qxc7 33. b5 b6 34. Ne1 Re8 35. Nc2 Kg7 36. Re1 Re4 37. Kg2 Qe7 38. Qc3 f5 39. f4 Kh7 40. Bd3 Rxe1 41. Qxe1 Bf8 42. Qxe7 Bxe7 43. Be2 Kg7 44. Bf3 Kf8 45. Kf2 Ke8 46. Ke3 Kd7 47. Ne1 Ke6 48. Nd3 Be8 49. Kd2 Bd6 50. Kc3 Be7 1/2-1/2

[Event "CRO-chT"]
[Site "Medulin"]
[Date "1997.??.??"]
[Round "?"]
[White "Kurajica, Bojan"]
[Black "Hulak, Krunoslav"]
[Result "1/2-1/2"]
[WhiteElo "2545"]
[BlackElo "2525"]
[PlyCount "32"]
[EventDate "1997.??.??"]
[Source "www.chesslib.no"]
[SourceDate "2004.05.04"]

1. d4 Nf6 2. Nf3 e6 3. e3 b6 4. Bd3 Bb7 5. O-O d5 6. b3 Bd6 7. c4 Nbd7 8. Bb2 O-O 9. Nc3 a6 10. Rc1 Qe7 11. Na4 dxc4 12. bxc4 c5 13. Qe2 cxd4 14. exd4 Ba3 15. Ne5 Bxb2 16. Qxb2 Rab8 1/2-1/2

[Event "Novak Nikolic mem 2nd"]
[Site "Belgrade"]
[Date "2000.02.07"]
[Round "5"]
[White "Popchev, Milko"]
[Black "Sherbakov, Ruslan"]
[Result "1/2-1/2"]
[WhiteElo "2510"]
[BlackElo "2552"]
[PlyCount "113"]
[EventDate "2000.02.02"]
[Source "ChessBase"]
[SourceDate "2000.05.31"]

1. d4 Nf6 2. Nf3 e6 3. c3 c5 4. e3 d5 5. Bd3 Nbd7 6. Nbd2 Bd6 7. Qe2 O-O 8. e4 e5 9. dxe5 Nxe5 10. Nxe5 Bxe5 11. O-O Qc7 12. h3 Re8 13. Re1 Bd7 14. c4 Bd4 15. cxd5 Bxh3 16. Nf1 Bf5 17. Qf3 Bg4 18. Qf4 Qxf4 19. Bxf4 Bxb2 20. Rab1 Bc3 21. Nd2 b6 22. f3 Bd7 23. Ba6 h6 24. Rec1 Nh5 25. Be3 Be5 26. Nc4 Bg3 27. Bf2 Bf4 28. Re1 Rad8 29. Rbd1 g5 30. g4 Ng7 31. Be3 Bxe3+ 32. Rxe3 h5 33. gxh5 Nxh5 34. Kf2 Nf4 35. Ra3 Kg7 36. Rh1 Re7 37. Ne3 Rb8 38. Bb5 Bxb5 39. Nf5+ Kf6 40. Rh6+ Ng6 41. Nxe7 Kxe7 42. Rxa7+ Kf6 43. Ke3 Be8 44. a4 c4 45. Kd4 Rc8 46. Kc3 Kg7 47. Rh5 Nf4 48. Rxg5+ Kh6 49. Rg4 Ne2+ 50. Kd2 Nd4 51. Ke3 c3 52. Kxd4 c2 53. Rg1 c1=Q 54. Rxc1 Rxc1 55. Ra8 Bd7 56. Ra7 Be8 57. Ra8 1/2-1/2

[Event "1st League TCh-SCG"]
[Site "Budva"]
[Date "2003.09.08"]
[Round "10"]
[White "Lajthajm, Borko"]
[Black "Georgiev, Kiril"]
[Result "1/2-1/2"]
[WhiteElo "2422"]
[BlackElo "2637"]
[PlyCount "108"]
[EventDate "2003.08.29"]
[Source "Roberto Alvarez"]
[SourceDate "2003.10.27"]

1. d4 Nf6 2. Nf3 c5 3. c3 e6 4. e3 d5 5. Bd3 Nc6 6. Nbd2 Qc7 7. Qe2 Be7 8. O-O O-O 9. dxc5 Bxc5 10. e4 Ng4 11. h3 Nge5 12. Bc2 d4 13. Nxe5 Nxe5 14. cxd4 Bxd4 15. Nb3 Bb6 16. Bf4 Bd7 17. Rac1 Rad8 18. Nd2 Qb8 19. a4 Bc7 20. Bg5 f6 21. Be3 b5 22. b3 a6 23. Nf3 Ng6 24. Bd3 Nf4 25. Bxf4 Bxf4 26. Rb1 Qb6 27. axb5 axb5 28. Rfd1 Bc6 29. b4 Bb8 30. Bc2 Kh8 31. Rxd8 Rxd8 32. Rd1 e5 33. Bb3 Ba7 34. Bd5 Be8 35. Ne1 Bh5 36. g4 Be8 37. Nd3 Qd6 38. Rc1 g6 39. Kg2 Bb6 40. Nc5 Qe7 41. Ne6 Rb8 42. Qd2 Bf7 43. Rc6 Be8 44. Rc2 g5 45. Nc5 h6 46. Qe3 Rc8 47. Qf3 Rc7 48. Qf5 Bxc5 49. Rxc5 Kg7 50. Rxc7 Qxc7 51. Qe6 Bf7 52. Qa6 Be8 53. Qa5 Qe7 54. Qa8 Kg6 1/2-1/2

[Event "15. European Team Championship"]
[Site "?"]
[Date "2005.07.30"]
[Round "1.11"]
[White "Bruno Fabio"]
[Black "Gyimesi Zoltan"]
[Result "0-1"]
[WhiteElo "2425"]
[BlackElo "2628"]
[PlyCount "80"]
[EventDate "2005.??.??"]
[Source "www.chesslib.no"]
[SourceDate "2004.05.04"]

1. d4 Nf6 2. Nf3 e6 3. e3 c5 4. Bd3 d5 5. c3 Nc6 6. Nbd2 Be7 7. O-O O-O 8. Qe2 b6 9. b3 Bb7 10. Bb2 Rc8 11. Rac1 Rc7 12. Rfd1 Qa8 13. dxc5 bxc5 14. c4 d4 15. exd4 cxd4 16. a3 a5 17. Ne4 Rd8 18. Nxf6+ Bxf6 19. Qe4 h6 20. Qh7+ Kf8 21. Re1 Ke7 22. Bf1 Rcd7 23. Rcd1 Qb8 24. Qf5 Kf8 25. Qh5 Kg8 26. Nd2 Ne5 27. b4 axb4 28. axb4 Qd6 29. b5 Qb4 30. Bc1 d3 31. Rxe5 g6 32. Qxh6 Bxe5 33. h4 Rd4 34. Qe3 Qd6 35. g3 Rxh4 36. Nf3 Bd4 37. Nxh4 Bxe3 38. Bxe3 Qa3 39. Ng2 Qb3 40. Rd2 Qxc4 0-1

[Event "Russia (ch)"]
[Site "?"]
[Date "1994.??.??"]
[Round "?"]
[White "Rashkovsky, N."]
[Black "Aseev, K."]
[Result "1-0"]
[WhiteElo "2510"]
[BlackElo "2540"]
[PlyCount "73"]
[EventDate "1994.??.??"]
[Source "ChessBase"]
[SourceDate "1994.06.01"]

1. d4 Nf6 2. Nf3 e6 3. e3 b6 4. Bd3 Bb7 5. O-O d5 6. b3 Nbd7 7. Bb2 Bd6 8. Ne5 O-O 9. Nd2 Ne4 10. f3 Nxd2 11. Qxd2 c5 12. Rad1 f6 13. Nxd7 Qxd7 14. c4 Qc7 15. h3 Rad8 16. Qc2 g6 17. cxd5 exd5 18. dxc5 bxc5 19. e4 d4 20. Bc1 Bc8 21. f4 Kg7 22. Qf2 Be6 23. Qh4 Rf7 24. e5 Bf8 25. f5 gxf5 26. Bxf5 Bxf5 27. Rxf5 Re8 28. exf6+ Kh8 29. Rdf1 a5 30. Bf4 Qd7 31. Rg5 a4 32. Rf3 axb3 33. axb3 Rxf6 34. Be5 Rxe5 35. Rxf6 Rxg5 36. Qxg5 Be7 37. Rf7 1-0

[Event "Sarajevo"]
[Site "Sarajevo"]
[Date "1983.??.??"]
[Round "?"]
[White "Kovacevic, Vlatko"]
[Black "Lputian, Smbat G"]
[Result "1-0"]
[WhiteElo "2555"]
[BlackElo "2495"]
[PlyCount "74"]
[EventDate "1983.03.??"]
[Source "ChessBase"]

1. d4 e6 2. Nf3 d5 3. e3 c5 4. Bd3 Nf6 5. O-O Bd6 6. dxc5 Bxc5 7. Nc3 O-O 8. e4 h6 9. a3 Nc6 10. Qe2 a6 11. e5 Nd7 12. Bf4 b5 13. Rad1 b4 14. Nb1 bxa3 15. bxa3 Qe7 16. c4 Rd8 17. Ne1 Nf8 18. Nc2 dxc4 19. Bxc4 Bb7 20. Rxd8 Rxd8 21. Bxa6 Ng6 22. Bg3 Bxa6 23. Qxa6 Ncxe5 24. a4 Nd3 25. Nc3 h5 26. Rd1 Nb2 27. Rxd8+ Qxd8 28. h4 Nxh4 29. Qb5 Nd3 30. Ne4 Be7 31. a5 Nf5 32. a6 Nxg3 33. fxg3 Nb4 34. a7 Nd5 35. Qb8 Nc7 36. Qxc7 Qxc7 37. a8=Q+ Kh7 1-0

[Event "Lisbon op 6th"]
[Site "Lisbon"]
[Date "2000.11.21"]
[Round "4"]
[White "Vassallo, Mauricio"]
[Black "Korneev, Oleg"]
[Result "1-0"]
[WhiteElo "2431"]
[BlackElo "2619"]
[PlyCount "147"]
[EventDate "2000.11.18"]
[Source "ChessBase"]
[SourceDate "2001.01.11"]

1. Nf3 d5 2. d4 Nf6 3. e3 e6 4. c4 Be7 5. Bd3 O-O 6. O-O c5 7. dxc5 Bxc5 8. a3 a6 9. b4 Ba7 10. Nbd2 Nc6 11. Bb2 Qe7 12. Rc1 Rd8 13. Qe2 dxc4 14. Nxc4 Nd5 15. Rfd1 Bd7 16. Be4 Be8 17. Qc2 h6 18. Bxd5 exd5 19. Nce5 Rdc8 20. Qf5 Qe6 21. Nxc6 Bxc6 22. Nd4 Bxd4 23. Qxe6 fxe6 24. Bxd4 Ba4 25. Re1 Rc4 26. f3 Rac8 27. Rxc4 Rxc4 28. Kf2 Bb5 29. g4 Rc2+ 30. Kg3 Ra2 31. Ra1 Re2 32. h4 e5 33. Bxe5 Rxe3 34. Kf4 Rd3 35. Rc1 Bc4 36. Rc3 Rd1 37. h5 b5 38. Ke3 Kf7 39. Bd4 g6 40. hxg6+ Kxg6 41. Be5 h5 42. gxh5+ Kxh5 43. Kf4 d4 44. Rc2 Kg6 45. Rg2+ Kf7 46. Rg7+ Ke8 47. Ke4 d3 48. Bc3 Rc1 49. Kd4 Rc2 50. Rg1 Kf7 51. Rd1 Ra2 52. Bd2 Rxa3 53. Rh1 Ra2 54. Ke3 Kg6 55. Rg1+ Kf5 56. Rh1 Rb2 57. Rh5+ Ke6 58. Rh1 Ra2 59. Rg1 Kf7 60. Rh1 Ra3 61. Rh7+ Kg6 62. Rh1 Be6 63. Rc1 Bf5 64. Rc3 Ra2 65. Rc1 Kf7 66. Rc6 Ke7 67. Rc1 Kf7 68. Rc6 Ke7 69. Rc1 Kd7 70. Rc3 Kd6 71. Rc5 Bg6 72. Rg5 Bh7 73. Rh5 Bg8 74. Kxd3 1-0